000 00841nam1a22002171i 4500
001 rc\2855159
005 20240726073048.0
035 _a(NLR Aleph) 007203562
090 _a7645554
_c7645554
100 _a20110706d1930 |||y0rusy50 ca
101 0 _arus
102 _aRU
105 _ay z |||||
200 1 _aСерия планово-экономических изданий
_eКн. 8-
_fВсесоюз. объединение камаенноугольной пром. "Союзуголь". Научно-издателькое бюро
210 _a[Харьков]
_cСоюзуголь
_d1930
215 _d29 см
710 0 2 _a"Союзуголь", всесоюзное объединение
_bКнигоиздательское бюро
801 0 _aRU
_bNLR
_gpsbo
801 1 _aRU
_bELAR
_2rusmarc
852 _aNLR
_j79/567
942 _cBOOK